Onfarm identification of problems affecting pineapple cultivation in pilot project areas of Ernakulam district (Record no. 194025)

MARC details
000 -LEADER
fixed length control field 00386nam a22001217a 4500
003 - CONTROL NUMBER IDENTIFIER
control field OSt
082 ## - DEWEY DECIMAL CLASSIFICATION NUMBER
Classification number IR/KHDP/KAU
245 ## - TITLE STATEMENT
Title Onfarm identification of problems affecting pineapple cultivation in pilot project areas of Ernakulam district
260 ## - PUBLICATION, DISTRIBUTION, ETC. (IMPRINT)
Place of publication, distribution, etc Vellanikkara
Name of publisher, distributor, etc Kerala Horticultural Development Programme
546 ## - LANGUAGE
Language note English
650 ## - SUBJECT ADDED ENTRY--TOPICAL TERM
Topical term or geographic name as entry element Fram identification
942 ## - ADDED ENTRY ELEMENTS (KOHA)
Source of classification or shelving scheme Dewey Decimal Classification
Koha item type Report
Holdings
Lost status Source of classification or shelving scheme Damaged status Not for loan Collection code Home library Current library Shelving location Date acquired Total Checkouts Full call number Barcode Date last seen Koha item type
  Dewey Decimal Classification Binding   Reference Book KAU Central Library, Thrissur KAU Central Library, Thrissur Reports 22/01/2020   IR/KHDP/KAU 201182 22/01/2020 Report
Kerala Agricultural University Central Library
Thrissur-(Dt.), Kerala Pin:- 680656, India
Ph : (+91)(487) 2372219
E-mail: librarian@kau.in
Website: http://library.kau.in/